| 000 | 01213cam a2200181 4500 | ||
|---|---|---|---|
| 001 | 1291 | ||
| 005 | 20230410105345.0 | ||
| 008 | 060907s1973 enk eng | ||
| 035 | _9funglode1297 | ||
| 041 | _aEN | ||
| 050 | 1 | 4 |
_aHB 171 _bS392s 1973 |
| 100 | 1 |
_aSchumacher, E. F. _q(Ernst Friedrich), _d1911-1977. |
|
| 245 | 1 | 0 |
_aSmall is beautiful : _bA study of economics as if people mattered / _cE. F. Schumacher |
| 260 |
_aLondon : _bBlond Briggs, _c1973 |
||
| 300 | _a287 p. | ||
| 520 | _aThe problem of production, 10. -- Peace and permanence, 19. -- The role of economics, 36. -- Buddhist economics, 48. -- A question of size, 57. -- The greatest resource - education, 70. -- The proper use of land, 93. -- Resources for industry, 108. -- Nuclear energy - salvation or damnation?, 124. -- Technology with a human face, 136. -- Development, 152. -- Social and economic problems calling for the development of intermediate technology, 159. -- Two million villages, 178. -- The problem of unemployment in india, 192. -- A machine to foretell the future?, 208. -- Towards a theory of large - scale organisation, 225. -- Socialism, 237. -- Ownership, 244. -- New patterns of ownership, 254 | ||
| 942 |
_2lcc _cbk |
||
| 999 |
_c35034 _d35034 |
||